Алгебра 6 класс
| Hlavní autor: | |
|---|---|
| Shrnutí: | Исключено из фонда НТБ ТПУ |
| Jazyk: | ruština |
| Vydáno: |
Москва, 1974
|
| Médium: | MixedMaterials Kniha |
| KOHA link: | https://koha.lib.tpu.ru/cgi-bin/koha/opac-detail.pl?biblionumber=51805 |
MARC
| LEADER | 00000nam0a2200000 4500 | ||
|---|---|---|---|
| 001 | 51805 | ||
| 005 | 20231031040859.0 | ||
| 035 | |a (RuTPU)RU\TPU\book\54232 | ||
| 090 | |a 51805 | ||
| 100 | |a 20030512d1974 m y0rusy50 ca | ||
| 101 | 0 | |a rus | |
| 102 | |a RU | ||
| 105 | |a a j 001zy | ||
| 200 | 1 | |a Алгебра 6 класс |f Ю. Н. Макарычев | |
| 210 | |a Москва |d 1974 | ||
| 333 | |a Исключено из фонда НТБ ТПУ | ||
| 675 | |a 512 |v 3 | ||
| 700 | 1 | |a Макарычев |b Ю. Н. | |
| 801 | 1 | |a RU |b 63413507 |c 20030512 |g PSBO | |
| 801 | 2 | |a RU |b 63413507 |c 20200619 |g PSBO | |
| 942 | |c BK | ||